Statistics for Most Spoken Languages in every continent

Click here to take the quiz!

General Stats

  • This quiz has been taken 168 times
    (101 since last reset)
  • The average score is 26 of 30

Answer Stats

Answer% Correct
Spanish
100%
Spanish
100%
Spanish
100%
English
99%
English
99%
English
99%
English
99%
English
99%
English
99%
German
98%
French
97%
French
97%
French
97%
French
97%
French
97%
Russian
97%
Portuguese
96%
Portuguese
96%
Arabic
92%
Arabic
92%
Chinese
91%
Hindi
89%
Hindi
89%
Italian
89%
Dutch
73%
Dutch
73%
Swahili
64%
Korean
52%
Indonesian
44%
Tahitian
4%

Score Distribution

Percentile by Number Answered

Percent of People with Each Score

Your Score History

You have not taken this quiz since the last reset